Ont-ils déjà joué avec... Vin Diesel ? - Statistiques

Statistiques générales
  • Ce quiz a été pris 9 fois
  • Le résultat moyen est 2 sur 10
Answers on the Grid
Answers color-coded by a green-red scale on the quiz's grid according to % correct below.
Gary Oldman
Morgan Freeman
Emilia Clarke
Nicole Kidman
Bill Murray
Sharon Stone
Viggo Mortensen
Zendaya
Jesse Eisenberg
Adam Sandler
Ben Affleck
Judi Dench
Michael Caine
Wesley Snipes
Asia Argento
Ice Cube
Peter Dinklage
Mélanie Thierry
Dennis Hopper
Kristen Stewart
 
Statistiques - réponses
Réponse % Correct
Ice Cube
67%
Wesley Snipes
44%
Mélanie Thierry
22%
Michael Caine
22%
Peter Dinklage
22%
Dennis Hopper
11%
Judi Dench
11%
Kristen Stewart
11%
Asia Argento
0%
Ben Affleck
0%
Aucun quiz correspondant
Distribution des résultats
% des personnes avec chaque résultat
Percentile par nombre de réponses
Votre historique - résultats
Vous n’avez pas pris ce quiz